Logo BPK

Biblioteka

Politechniki Koszalińskiej

Zeitschrift für Literaturwissenschaft und Linguistik. (Rekord nr 49945)

Szczegóły MARC
000 -ETYKIETA REKORDU
podpole kontrolne o stałej długości 00621nam a2200217 i 4500
001 - NUMER KONTROLNY REKORDU
pole kontrolne bgj
040 ## - ŹRÓDŁO KATALOGOWANIA
Instytucja, która utworzyła rekord BPK
041 0# - KOD JĘZYKA
Kod języka tekstu ger
044 ## - KOD KRAJU WYDAWCY/PRODUCENTA
Kod kraju wydawcy/producenta DEU
080 ## - UNIWERSALNA KLASYFIKACJA DZIESIĘTNA - UKD
UKD 82
008 - POLE O STAŁEJ DŁUGOŚCI - DANE KONTROLNE
podpole kontrolne o stałej długości s gw f |000 0 ger
245 10 - TYTUŁ/ODPOWIEDZIALNOŚĆ
Tytuł Zeitschrift für Literaturwissenschaft und Linguistik.
Pozostałe elementy strefy tytułu i oznaczenia odpowiedzialności hrsg. von Helmut Kreuzer [et al.].
Oznaczenie części/sekcji dzieła Heft 6/1972 /
246 1# - WARIANT TYTUŁU
Tytuł Zur Behandlung vom Comics im Literaturunterricht.
260 ## - STREFA ADRESU WYDAWNICZEGO
Miejsce wydania Frankfurt am Main :
Nazwa wydawcy/dystrybutora Athenäum,
Data publikacji, dystrybucji/powstania dokumentu 1972.
300 ## - STREFA OPISU FIZYCZNEGO
Objętość S. [67]-77 ;
Rozmiary 23 cm.
505 ## - SFORMALIZOWANA UWAGA DOTYCZĄCA ZAWARTOŚCI
Pełny tekst uwagi Sonderdruck
650 9# - HASŁO PRZEDMIOTOWE W FORMIE NAZWY OGÓLNEJ LUB JEDNOSTKOWEJ
Nazwa ogólna lub geograficzna Literatura
700 1# - HASŁO DODATKOWE - NAZWA OSOBOWA
Nazwa osobowa KREUZER, Helmut.
700 1# - HASŁO DODATKOWE - NAZWA OSOBOWA
Nazwa osobowa WERMKE, Jutta.
856 ## - LOKALIZACJA I DOSTĘP DO ELEKTRONICZNYCH DOKUMENTÓW ZDALNYCH
Link (URL) http://koha.tu.koszalin.pl/cgi-bin/koha/opac-detail.pl?biblionumber=49945
Tekst linku Katalog online BPK
942 ## - DODATKOWE ELEMENTY (KOHA)
Typ dokumentu Książka
Egzemplarze
Wycofany Status egzemplarza Uszkodzony Dostępność Lokalizacja stała Lokalizacja bieżąca Miejsce przechowywania Sygnatura Kod kreskowy Typ dokumentu
      Dostępny Biblioteka Politechniki Koszalińskiej Biblioteka Politechniki Koszalińskiej Wypożyczalnia Językowa S 2565 02438726 Książka
© 2023 Biblioteka Politechniki Koszalińskiej :: KOHA